Medzinárodná spolupráca v oblasti územného plánovania

Medzinárodná spolupráca v oblasti územného plánovania prispieva k poznaniu dlhodobých trendov rozvoja územia v rámci Európy a postupného zosúlaďovania národných koncepcií územného a priestorového rozvoja. Zapojenie Slovenska do medzinárodnej spolupráce.

Gespeichert in:
Bibliographische Detailangaben
1. Verfasser: Pašková, Miloslava
Format: Buchkapitel
Sprache:Slowakisch
Schlagworte:
Tags: Tag hinzufügen
Keine Tags, Fügen Sie das erste Tag hinzu!

MARC

LEADER 00000naa a2200000 4500
001 r035103
005 20230925100612.8
041 0 |a slo 
044 |a SK 
245 1 0 |a Medzinárodná spolupráca v oblasti územného plánovania  |c Miloslava Pašková 
520 |a Medzinárodná spolupráca v oblasti územného plánovania prispieva k poznaniu dlhodobých trendov rozvoja územia v rámci Európy a postupného zosúlaďovania národných koncepcií územného a priestorového rozvoja. Zapojenie Slovenska do medzinárodnej spolupráce. 
610 2 0 |a plánovanie územné 
610 2 0 |a spolupráca medzinárodná 
610 2 0 |a Európska únia 
610 2 0 |a SVE 
610 2 0 |a rozvoj sociálno-ekonomický 
100 1 |a Pašková, Miloslava